[Event "BIH-chT 20th"]
[Site "Neum"]
[Date "2022.09.16"]
[Round "7.4"]
[White "Seslija, Zoran"]
[Black "Kobas, Adnan"]
[Result "1-0"]
[WhiteElo "2110"]
[BlackElo "2277"]
[PlyCount "63"]
[EventDate "2022.09.10"]
[EventType "team-tourn"]
[EventRounds "9"]
[EventCountry "BIH"]
[SourceTitle "CBM 210 Extra"]
[Source "ChessBase"]
[SourceDate "2022.11.30"]
[SourceVersion "1"]
[SourceVersionDate "2022.11.30"]
[SourceQuality "1"]
[WhiteTeam "Brcko Jedinstvo"]
[BlackTeam "Busovaca Hrasno"]
[WhiteTeamCountry "BIH"]
[BlackTeamCountry "BIH"]

1. d4 Nf6 2. Nf3 c5 3. c3 e6 4. g3 Be7 5. Bg2 0-0 6. Nbd2 d5 7. 0-0 Nc6 8. Qc2 b6 9. dxc5 bxc5 10. e4 Qb6 11. Re1 Ba6 12. exd5 exd5 13. Nb3 Rac8 14. Nh4 Ne4 15. Nf5 Rfd8 16. Nxe7+ Nxe7 17. f3 Nf5 18. fxe4 dxe4 19. Bxe4 Re8 20. Qf2 Nd6 21. Bg2 Rxe1+ 22. Qxe1 Re8 23. Qf2 Re2 24. Qf1 Rxb2 25. c4 Bxc4 26. Qf3 Rxg2+ 27. Qxg2 h6 28. Be3 Nf5 29. Qa8+ Kh7 30. Qe4 Qg6 31. Bxc5 Bb5 32. Rd1 1-0

[Event "BIH-chT 20th"]
[Site "Neum"]
[Date "2022.09.13"]
[Round "4.1"]
[White "Pastar, Slaven"]
[Black "Kobas, Adnan"]
[Result "1-0"]
[WhiteElo "2358"]
[BlackElo "2277"]
[PlyCount "57"]
[EventDate "2022.09.10"]
[EventType "team-tourn"]
[EventRounds "9"]
[EventCountry "BIH"]
[SourceTitle "CBM 210 Extra"]
[Source "ChessBase"]
[SourceDate "2022.11.30"]
[SourceVersion "1"]
[SourceVersionDate "2022.11.30"]
[SourceQuality "1"]
[WhiteTeam "Bihac"]
[BlackTeam "Busovaca Hrasno"]
[WhiteTeamCountry "BIH"]
[BlackTeamCountry "BIH"]

1. Nf3 Nf6 2. g3 g6 3. Bg2 Bg7 4. 0-0 0-0 5. d4 c5 6. dxc5 Qa5 7. Be3 Ng4 8. Bd4 e5 9. Bc3 Qxc5 10. h3 Nh6 11. Nbd2 f5 12. Ng5 Nc6 13. Nc4 Nd4 14. Ne3 Ne6 15. Bd5 f4 16. Ne4 Qe7 17. Nc4 Nf7 18. Qd2 Kh8 19. Bb4 d6 20. Ncxd6 Qd7 21. Bxe6 Qxe6 22. Nxf7+ Qxf7 23. Bxf8 Qxf8 24. g4 Be6 25. Qd6 Qe8 26. Rfd1 Bc4 27. Rd2 Bb5 28. Rad1 Bc6 29. Qc7 1-0

[Event "BIH-chT 20th"]
[Site "Neum"]
[Date "2022.09.12"]
[Round "3.3"]
[White "Kobas, Adnan"]
[Black "Dizdarevic, Emir"]
[Result "1/2-1/2"]
[WhiteElo "2277"]
[BlackElo "2378"]
[PlyCount "28"]
[EventDate "2022.09.10"]
[EventType "team-tourn"]
[EventRounds "9"]
[EventCountry "BIH"]
[SourceTitle "CBM 210 Extra"]
[Source "ChessBase"]
[SourceDate "2022.11.30"]
[SourceVersion "1"]
[SourceVersionDate "2022.11.30"]
[SourceQuality "1"]
[WhiteTeam "Busovaca Hrasno"]
[BlackTeam "Sarajevo Napredak"]
[WhiteTeamCountry "BIH"]
[BlackTeamCountry "BIH"]

1. e4 c6 2. d4 d5 3. exd5 cxd5 4. Bd3 Nc6 5. c3 Nf6 6. Nf3 Bg4 7. 0-0 e6 8. Re1 Be7 9. Nbd2 0-0 10. h3 Bh5 11. Nf1 Bg6 12. Bxg6 hxg6 13. Bf4 Bd6 14. Bxd6 Qxd6 1/2-1/2

[Event "BIH-chT1A 28th"]
[Site "Mostar"]
[Date "2021.08.07"]
[Round "3.3"]
[White "Sinanovic, Fadil"]
[Black "Kobas, Adnan"]
[Result "1/2-1/2"]
[WhiteElo "1910"]
[BlackElo "2293"]
[PlyCount "47"]
[EventDate "2021.08.06"]
[EventType "team-tourn"]
[EventRounds "9"]
[EventCountry "BIH"]
[SourceTitle "CBM 203 Extra"]
[Source "ChessBase"]
[SourceDate "2021.09.30"]
[SourceVersion "1"]
[SourceVersionDate "2021.09.30"]
[SourceQuality "1"]
[WhiteTeam "Tesanj"]
[BlackTeam "Zenica Celik"]
[WhiteTeamCountry "BIH"]
[BlackTeamCountry "BIH"]

1. e4 c5 2. Nc3 a6 3. a4 Nc6 4. Bc4 e6 5. Nf3 g6 6. d3 Bg7 7. 0-0 Nge7 8. Ne2 d5 9. exd5 exd5 10. Ba2 Bg4 11. c3 0-0 12. Ne1 Qd7 13. f3 Bf5 14. g4 Be6 15. Nf4 Rad8 16. Neg2 Ne5 17. h3 Qc6 18. Nxe6 Qxe6 19. f4 N5c6 20. Bd2 Qd6 21. Qf3 Kh8 22. Rfe1 d4 23. c4 Rfe8 24. Bb1 1/2-1/2

[Event "BIH-chT1"]
[Site "Neum"]
[Date "2008.08.27"]
[Round "7.1"]
[White "Martinovic, Slobodan"]
[Black "Kobas, Adnan"]
[Result "1-0"]
[WhiteElo "2453"]
[BlackElo "2321"]
[PlyCount "49"]
[EventDate "2008.08.23"]
[EventType "team-tourn"]
[EventRounds "9"]
[EventCountry "BIH"]
[SourceTitle "CBM 126 Extra"]
[Source "ChessBase"]
[SourceDate "2008.11.05"]
[SourceVersion "1"]
[SourceVersionDate "2008.11.05"]
[SourceQuality "1"]

1. Nf3 Nf6 2. c4 g6 3. b4 a5 4. b5 Bg7 5. Bb2 0-0 6. e3 d6 7. d3 e5 8. Nbd2 Nbd7 9. Be2 Re8 10. 0-0 b6 11. Qc2 Nc5 12. Ng5 Bb7 13. Bf3 Bxf3 14. Ngxf3 Nxd3 15. Qxd3 e4 16. Bxf6 exd3 17. Bxd8 Bxa1 18. Bxc7 Bc3 19. Bxb6 Rec8 20. Rd1 d5 21. cxd5 Bxd2 22. Nxd2 Rcb8 23. Bc7 Rxb5 24. d6 Rd5 25. Nc4 1-0

[Event "BIH-chT1"]
[Site "Neum"]
[Date "2008.08.23"]
[Round "1.4"]
[White "Rogic, Davor"]
[Black "Kobas, Adnan"]
[Result "1-0"]
[WhiteElo "2477"]
[BlackElo "2321"]
[PlyCount "127"]
[EventDate "2008.08.23"]
[EventType "team-tourn"]
[EventRounds "9"]
[EventCountry "BIH"]
[SourceTitle "CBM 126 Extra"]
[Source "ChessBase"]
[SourceDate "2008.11.05"]
[SourceVersion "1"]
[SourceVersionDate "2008.11.05"]
[SourceQuality "1"]

1. e4 c5 2. Nf3 d6 3. d4 cxd4 4. Nxd4 Nf6 5. Nc3 e5 6. Bb5+ Nbd7 7. Nf5 a6 8. Bxd7+ Qxd7 9. Ne3 Qc6 10. Qd3 Be6 11. 0-0 Rc8 12. a4 Be7 13. Ncd5 Bxd5 14. exd5 e4 15. dxc6 exd3 16. cxb7 Rb8 17. cxd3 Rxb7 18. Nf5 g6 19. Nxe7 Kxe7 20. Bg5 Ke6 21. Rae1+ Kf5 22. h4 h6 23. Bc1 g5 24. Re3 Nd5 25. Re4 Rc8 26. g4+ Kg6 27. h5+ Kg7 28. Rd4 Rc5 29. Re1 Rb4 30. Rxb4 Nxb4 31. Be3 Rd5 32. d4 f5 33. gxf5 Kf6 34. Bd2 Nc2 35. Re6+ Kxf5 36. Rxh6 Nxd4 37. Kg2 Kg4 38. Be3 Nf3 39. Kf1 Rd1+ 40. Ke2 Rb1 41. Kd3 Rxb2 42. Rxd6 Kxh5 43. Rxa6 Rb3+ 44. Kc4 Ra3 45. Kb4 Ra1 46. Re6 Kg4 47. a5 Kf5 48. Rh6 g4 49. a6 Ke4 50. Bc5 Ne5 51. Kb3 Nd3 52. Ba3 Rb1+ 53. Ka4 Rb8 54. Rf6 Kd5 55. Ka5 Rb3 56. Be7 Rb2 57. a7 Ra2+ 58. Kb6 Rb2+ 59. Kc7 Ra2 60. Kb7 Rb2+ 61. Rb6 Ra2 62. Ra6 Rb2+ 63. Kc8 Rc2+ 64. Kd8 1-0

[Event "USA-chT Amateur East"]
[Site "Parsippany"]
[Date "2004.02.16"]
[Round "6"]
[White "Kobas, Adnan"]
[Black "Benjamin, Joel"]
[Result "0-1"]
[WhiteElo "2285"]
[BlackElo "2566"]
[PlyCount "42"]
[EventDate "2004.02.14"]
[EventType "team-tourn"]
[EventRounds "6"]
[EventCountry "USA"]
[SourceTitle "EXT 2005"]
[Source "ChessBase"]
[SourceDate "2004.11.15"]
[SourceVersion "1"]
[SourceVersionDate "2004.11.15"]
[SourceQuality "1"]

1. e4 e5 2. Nc3 Nf6 3. g3 c6 4. d4 Bb4 5. Bg2 d5 6. dxe5 Nxe4 7. Bxe4 dxe4 8. Qxd8+ Kxd8 9. Bd2 Bf5 10. 0-0-0 Nd7 11. Nge2 Re8 12. Nd4 Bg6 13. Rhe1 Nxe5 14. Nxe4 Bxd2+ 15. Rxd2 Kc7 16. f4 Nc4 17. f5 Nxd2 18. Kxd2 Rad8 19. Ke3 Rxe4+ 20. Kxe4 Re8+ 21. Ne6+ Rxe6+ 0-1

[Event "World op 24th"]
[Site "Philadelphia"]
[Date "1996.??.??"]
[Round "?"]
[White "Kobas, Adnan"]
[Black "Shabalov, Alexander"]
[Result "0-1"]
[WhiteElo "2290"]
[BlackElo "2570"]
[PlyCount "32"]
[EventDate "1996.06.29"]
[EventType "swiss"]
[EventRounds "9"]
[EventCountry "USA"]
[SourceTitle "EXT 2001"]
[Source "ChessBase"]
[SourceDate "2000.11.22"]
[SourceVersion "1"]
[SourceVersionDate "2000.11.22"]
[SourceQuality "1"]

1. e4 d5 2. Nc3 Nf6 3. e5 Nfd7 4. e6 fxe6 5. d4 c5 6. dxc5 Nc6 7. Nf3 a6 8. Be3 Nf6 9. Bd4 Qc7 10. Qd3 g6 11. 0-0-0 Bg7 12. h4 e5 13. Nxe5 Nxe5 14. Qg3 Ne4 15. Nxe4 dxe4 16. Re1 Nd3+ 0-1

[Event "Eastern Class-ch 4th"]
[Site "Woburn"]
[Date "1995.03.??"]
[Round "?"]
[White "Martinovsky, Eugene Simeon"]
[Black "Kobas, Adnan"]
[Result "1-0"]
[WhiteElo "2395"]
[BlackElo "2309"]
[PlyCount "107"]
[EventDate "1995.03.??"]
[EventType "swiss"]
[EventRounds "5"]
[EventCountry "USA"]
[SourceTitle "EXT 2005"]
[Source "ChessBase"]
[SourceDate "2004.11.15"]
[SourceVersion "1"]
[SourceVersionDate "2004.11.15"]
[SourceQuality "1"]

1. g3 g6 2. Bg2 Bg7 3. Nf3 Nf6 4. 0-0 0-0 5. d4 c5 6. c3 Qc7 7. Na3 d6 8. Re1 Nc6 9. Nb5 Qb6 10. a4 Be6 11. e4 Bc4 12. Na3 Bb3 13. Qd3 e5 14. d5 Na5 15. Nd2 Bxa4 16. Nac4 Nxc4 17. Nxc4 Bb5 18. Nxb6 Bxd3 19. Nxa8 Rxa8 20. f3 a5 21. Bf1 Bxf1 22. Kxf1 c4 23. Be3 Ra6 24. Ra3 a4 25. Ke2 b5 26. Kd2 Nd7 27. Rea1 Nb8 28. h4 Bf6 29. h5 Bd8 30. hxg6 hxg6 31. Rh1 Bb6 32. Bg5 Nd7 33. Raa1 f6 34. Be3 Bxe3+ 35. Kxe3 Ra7 36. Rh6 Nf8 37. f4 Kg7 38. Rh2 exf4+ 39. gxf4 Re7 40. Kd4 Ra7 41. e5 fxe5+ 42. fxe5 dxe5+ 43. Kxe5 Nd7+ 44. Kd6 Nf6 45. Kc6 Rd7 46. d6 g5 47. Rg2 Kg6 48. Rag1 Rd8 49. Rxg5+ Kf7 50. Rg7+ Ke6 51. Re7+ Kf5 52. Rf1+ Kg5 53. Re5+ Kg6 54. Re6 1-0

[Event "Zenica"]
[Site "Zenica"]
[Date "1987.??.??"]
[Round "11"]
[White "Flear, Glenn C"]
[Black "Kobas, Adnan"]
[Result "1-0"]
[WhiteElo "2495"]
[BlackElo "2335"]
[PlyCount "125"]
[EventDate "1987.04.??"]
[EventType "tourn"]
[EventRounds "11"]
[EventCountry "YUG"]
[EventCategory "9"]
[SourceTitle "TD"]
[Source "ChessBase"]
[SourceDate "1994.03.01"]
[SourceVersion "1"]
[SourceVersionDate "1994.03.01"]
[SourceQuality "1"]

1. d4 Nf6 2. c4 e6 3. g3 Bb4+ 4. Bd2 Be7 5. Bg2 0-0 6. Nf3 d5 7. 0-0 Ne4 8. Nc3 c6 9. Qc2 f5 10. e3 Bd7 11. Ne2 g5 12. Nc1 Be8 13. Ne5 Nd7 14. Ncd3 Bd6 15. Bb4 Bxb4 16. Nxd7 Qxd7 17. Nxb4 f4 18. exf4 gxf4 19. Nd3 Bg6 20. Bxe4 Bxe4 21. Nc5 Bxc2 22. Nxd7 Rfd8 23. Nc5 dxc4 24. Nxe6 Rd6 25. Nxf4 Rxd4 26. Rfe1 b5 27. a3 a5 28. Kg2 c5 29. Re5 Rc8 30. Rae1 b4 31. axb4 axb4 32. Ne6 Rd1 33. Rxd1 Bxd1 34. Rxc5 Rxc5 35. Nxc5 Kf7 36. Kf1 Ke7 37. Ke1 Bf3 38. Kd2 Kd6 39. Na6 b3 40. Kc3 Ke5 41. Nc7 Be2 42. Nb5 Ke4 43. f4 h5 44. Nd6+ Kd5 45. Nf7 Bd1 46. Ne5 Be2 47. Nd7 Kd6 48. Nf6 Ke6 49. Ne4 Kd5 50. Nd2 Bd3 51. Nxb3 Bf1 52. Nd2 Be2 53. Nb1 Ke4 54. Na3 Kf3 55. f5 Bd3 56. f6 Bg6 57. Nxc4 Kg2 58. Ne5 Be8 59. f7 Bxf7 60. Nxf7 Kxh2 61. b4 Kxg3 62. Ng5 Kf4 63. b5 1-0

[Event "Kecskemet Toth Memorial"]
[Site "Kecskemet"]
[Date "1987.??.??"]
[Round "?"]
[White "Kosten, Anthony C"]
[Black "Kobas, Adnan"]
[Result "1-0"]
[WhiteElo "2495"]
[BlackElo "2315"]
[PlyCount "207"]
[EventDate "1987.06.??"]
[EventType "swiss"]
[EventRounds "9"]
[EventCountry "HUN"]
[SourceTitle "EXT 2002"]
[Source "ChessBase"]
[SourceDate "2001.11.25"]
[SourceVersion "1"]
[SourceVersionDate "2001.11.25"]
[SourceQuality "1"]

1. e4 c5 2. Nf3 e6 3. d4 cxd4 4. Nxd4 a6 5. Bd3 Nf6 6. 0-0 Qc7 7. Qe2 d6 8. c4 g6 9. Nc3 Bg7 10. Be3 0-0 11. Rac1 Nbd7 12. f4 b6 13. Kh1 Bb7 14. b4 Rac8 15. Nb3 Rfe8 16. Bg1 Qb8 17. c5 bxc5 18. bxc5 Nxc5 19. Nxc5 dxc5 20. e5 Nd5 21. Nxd5 Bxd5 22. Bxa6 Rc7 23. Rxc5 Rxc5 24. Bxc5 Qa8 25. Rg1 h5 26. a4 h4 27. h3 Bh6 28. Be3 Rb8 29. Bb5 Rc8 30. Rc1 Rxc1+ 31. Bxc1 Qc8 32. Be3 Qc3 33. Qd2 Qb3 34. Kh2 Bf8 35. Bf2 Bb4 36. Qe2 Be7 37. Be1 Bd8 38. a5 Qa3 39. a6 Qc1 40. Bd2 Qa1 41. Be3 Ba5 42. Bd3 Be1 43. Bf2 Bxf2 44. Qxf2 Qa3 45. Bf1 Qa1 46. Be2 Qa2 47. Qe3 Kg7 48. Kg1 Qa1+ 49. Kf2 Qa2 50. Qd3 Kf8 51. Qe3 Kg7 52. a7 Kh7 53. Kg1 Kg7 54. Bf1 Qa1 55. Qf2 Kg8 56. Kh2 Kg7 57. Bb5 Qa5 58. Bf1 Qa1 59. Bd3 Qa3 60. Bb5 Qa5 61. Bd3 Qa3 62. Bc2 Qa2 63. Qc5 Kh7 64. Qe7 Kg7 65. Qf6+ Kg8 66. Qxh4 Qxc2 67. a8Q+ Bxa8 68. Qd8+ Kg7 69. Qxa8 Qf2 70. Qf3 Qe1 71. Qg4 Qf2 72. h4 Kf8 73. Kh3 Qg1 74. Qf3 Qh1+ 75. Kg4 Kg7 76. Kg5 Qb1 77. Qh3 Qd1 78. Qf3 Qb1 79. Kg4 Qh1 80. Qe2 Qb1 81. Kh3 Qg1 82. Qd2 Qf1 83. Kg3 Qh1 84. Qc2 Qe1+ 85. Kg4 Qh1 86. g3 Kh6 87. Qd3 Qe1 88. Qf3 Qb1 89. Kh3 Qg1 90. Qg2 Qe3 91. Qh1 Qf2 92. Qd1 Kg7 93. h5 Kh6 94. hxg6 fxg6 95. Qc1 Qf3 96. Kh2 Qe2+ 97. Kg1 Kh5 98. Qf1 Qe3+ 99. Kh2 Kg4 100. Qd1+ Kf5 101. Qc2+ Kg4 102. Qxg6+ Kf3 103. Qc2 Qe1 104. Qc6+ 1-0

[Event "Zenica"]
[Site "Zenica"]
[Date "1986.??.??"]
[Round "12"]
[White "Cvitan, Ognjen"]
[Black "Kobas, Adnan"]
[Result "1-0"]
[WhiteElo "2465"]
[BlackElo "2320"]
[PlyCount "109"]
[EventDate "1986.04.??"]
[EventType "tourn"]
[EventRounds "12"]
[EventCountry "YUG"]
[EventCategory "8"]
[SourceTitle "EXT 1997"]
[Source "ChessBase"]
[SourceDate "1996.11.15"]
[SourceVersion "1"]
[SourceVersionDate "1996.11.15"]
[SourceQuality "1"]

1. d4 e6 2. c4 f5 3. Nf3 Nf6 4. g3 Be7 5. Bg2 0-0 6. 0-0 d5 7. b3 c6 8. Qc2 Bd7 9. Nbd2 Be8 10. Bb2 Bh5 11. Rfe1 Ne4 12. Ne5 Nd7 13. Nd3 Bd6 14. f3 Nxg3 15. hxg3 Bxg3 16. e3 Rf6 17. Re2 Rh6 18. Nf1 Qh4 19. Bc3 Rg6 20. Nxg3 Rxg3 21. Be1 Bxf3 22. Bxg3 Qxg3 23. Rf2 Be4 24. Qe2 Nf6 25. Ne5 h5 26. Kf1 h4 27. Bxe4 Nxe4 28. Rf3 h3 29. Rxg3 Nxg3+ 30. Kf2 Nxe2 31. Kxe2 g5 32. cxd5 cxd5 33. Rf1 Rf8 34. Kf2 Kg7 35. Kg3 g4 36. b4 a6 37. a4 Kh6 38. Nxg4+ Kg5 39. Ne5 a5 40. Rb1 f4+ 41. exf4+ Rxf4 42. Nf3+ Kf5 43. bxa5 Rg4+ 44. Kxh3 Rg7 45. Nd2 Kf4 46. Rb3 Rc7 47. Rf3+ Kg5 48. Kg3 Rc2 49. Rf2 Rc3+ 50. Rf3 Rc2 51. Rd3 Kf5 52. Kf3 Rc1 53. Rb3 Ra1 54. Rxb7 Rxa4 55. Nb3 1-0